| 000 | 01043nam a2200241 a 4500 | ||
|---|---|---|---|
| 001 | 5698 | ||
| 003 | CDMR | ||
| 005 | 20151016134202.0 | ||
| 008 | 130130s2007||||sp |||||||||||||||||cat|d | ||
| 040 |
_aCDMR _bcat _cCPC LLEIDA |
||
| 245 | 0 | 0 |
_aManual d'apropament als mitjans _b: la multiculturalitat, font d'informació _c[autors, Isidre-Daniel Ramos, Janeth González] |
| 260 |
_bConsell de l'Audiovisual de Catalunya _aBarcelona _c[2007] |
||
| 300 | _av. | ||
| 500 | _a1.- Català i japonès ; 2.- Català i francès ; 3.- Català i àrab ; 4.- Català i anglès ; 5.- Català i àrab | ||
| 650 | 0 | 4 |
_92777 _aComunicació intercultural _zCatalunya |
| 650 | 0 | 4 |
_94395 _aPluralisme cultural |
| 650 | 0 | 4 |
_91448 _aMitjans de comunicació de massa _zCatalunya _vManuals, guies, etc. |
| 700 | 1 |
_92035 _aRamos, Isidre-Daniel |
|
| 700 | 1 |
_92036 _aGonzález, Janeth |
|
| 710 | 1 |
_9828 _aConsell de l'Audiovisual de Catalunya |
|
| 856 | 4 | 0 |
_uhttp://www.cac.cat/web/mesa/documents/detall.jsp?NjY=&MQ==&MTA= _yTextos disponibles en línia |
| 942 |
_cFULLET _2ddc |
||
| 999 |
_c5698 _d5698 |
||